| 000 | 00677nam a2200217Ia 4500 | ||
|---|---|---|---|
| 005 | 20260429111930.0 | ||
| 008 | 260429s9999||||xx |||||||||||||| ||und|| | ||
| 020 | _a9789360808198 | ||
| 041 | _aEnglish | ||
| 082 |
_a820.9 _bBAN |
||
| 100 | _aBanerjee, Rita | ||
| 245 | 0 |
_aIndia in early modern English travel writings : _bProtestantism, enlightenment, and toleration / _cRita Banerjee |
|
| 250 | _a1st ed. | ||
| 260 |
_aNew Delhi : _bManohar Publishers and Distributors, _c2025. |
||
| 300 | _axi, 275 p.; hb | ||
| 650 | _a Colonial studies | ||
| 650 | _a English literature | ||
| 650 | _a India-Description and travel | ||
| 650 | _aTravel literature | ||
| 942 | _cTB | ||
| 999 |
_c51491 _d51491 |
||